Picturing Hemingway : (Record no. 1633)

000 -LEADER
fixed length control field 01579nam a22003857a 4500
001 - CONTROL NUMBER
control field 4036447
003 - CONTROL NUMBER IDENTIFIER
control field OSt
005 - DATE AND TIME OF LATEST TRANSACTION
control field 20210423060638.0
008 - FIXED-LENGTH DATA ELEMENTS--GENERAL INFORMATION
fixed length control field 981123s1999 ctua bc 001 0deng
010 ## - LIBRARY OF CONGRESS CONTROL NUMBER
LC control number 98052550
020 ## - INTERNATIONAL STANDARD BOOK NUMBER
International Standard Book Number 0300079265 (cloth : alk. paper)
035 ## - SYSTEM CONTROL NUMBER
System control number (DLC) 98052550
040 ## - CATALOGING SOURCE
Original cataloging agency DLC
Transcribing agency DLC
Modifying agency DLC
Language of cataloging eng
041 ## - LANGUAGE CODE
Language code of text/sound track or separate title eng
043 ## - GEOGRAPHIC AREA CODE
Geographic area code n-us---
050 00 - LIBRARY OF CONGRESS CALL NUMBER
Classification number PS3515.E37
Item number Z9154 1999
080 ## - UNIVERSAL DECIMAL CLASSIFICATION NUMBER
Universal Decimal Classification number 92
Item number V-93
082 00 - DEWEY DECIMAL CLASSIFICATION NUMBER
Classification number 813/.52
-- B
Edition number 21
100 1# - MAIN ENTRY--PERSONAL NAME
Personal name Voss, Frederick.
245 10 - TITLE STATEMENT
Title Picturing Hemingway :
Remainder of title a writer in his time /
Statement of responsibility, etc. Frederick Voss ; with an essay by Michael Reynolds.
260 ## - PUBLICATION, DISTRIBUTION, ETC.
Place of publication, distribution, etc. Washington, D.C.
Name of publisher, distributor, etc. Smithsonian National Portrait Gallery
Place of publication, distribution, etc. New Haven
Name of publisher, distributor, etc. Yale University Press,
Date of publication, distribution, etc. c1999.
300 ## - PHYSICAL DESCRIPTION
Extent viii, 111 p. ; ill. (some col.)
Dimensions 29 cm.
500 ## - GENERAL NOTE
General note "An exhibition at the National Portrait Gallery, Smithsonian Institution, Washington, D.C., June 18-October 3, 1999"--T.p. verso.
504 ## - BIBLIOGRAPHY, ETC. NOTE
Bibliography, etc. note Includes bibliographical references (p. 105) and index.
600 10 - SUBJECT ADDED ENTRY--PERSONAL NAME
Personal name Hemingway, Ernest,
Dates associated with a name 1899-1961
General subdivision Portraits
Form subdivision Exhibitions.
650 #0 - SUBJECT ADDED ENTRY--TOPICAL TERM
Topical term or geographic name entry element Authors, American
Chronological subdivision 20th century
General subdivision Portraits
Form subdivision Exhibitions.
650 #0 - SUBJECT ADDED ENTRY--TOPICAL TERM
Topical term or geographic name entry element Biography
9 (RLIN) 237
653 ## - INDEX TERM--UNCONTROLLED
Uncontrolled term ბიოგრაფია
700 1# - ADDED ENTRY--PERSONAL NAME
Personal name Reynolds, Michael S.,
Dates associated with a name 1937-
710 2# - ADDED ENTRY--CORPORATE NAME
Corporate name or jurisdiction name as entry element National Portrait Gallery (Smithsonian Institution)
906 ## - LOCAL DATA ELEMENT F, LDF (RLIN)
a 7
b cbc
c orignew
d 1
e ocip
f 19
g y-gencatlg
942 ## - ADDED ENTRY ELEMENTS (KOHA)
Source of classification or shelving scheme
Koha item type Books
Holdings
Withdrawn status Lost status Source of classification or shelving scheme Damaged status Not for loan Permanent location Current location Date acquired Inventory number Total Checkouts Full call number Barcode Date last seen Price effective from Koha item type
          Ken Walker International University Ken Walker International University 02/22/2021 1479   92 V-93 1479 02/22/2021 02/22/2021 Books

Powered by Koha